| 000 | 00823nam a2200205 i 4500 | ||
|---|---|---|---|
| 001 | 173479 | ||
| 003 | ES-MaACL | ||
| 005 | 20250823085853.0 | ||
| 008 | 091203s1969 pr a |||| | eng d | ||
| 080 | _a308-053.6(729.5) | ||
| 100 | 1 |
_aFernández Marina, R. _9163435 |
|
| 245 | 1 | 4 |
_aThe sober generation _b: children of Operation Bootstrap : a topology of competent coping by adolescents in modern Puerto Rico / _cby R. Fernández Marina ... U. von Eckar dt. ... E. Maldonado Sierra. |
| 260 |
_aRio Piedras : _bUniversity of Puerto Rico, _c1969. |
||
| 300 |
_aXLVIII, 798 p. : _bil. ; _c24 cm. |
||
| 650 | 4 |
_aAdolescentes- _zPuerto Rico. _9163436 |
|
| 651 | 4 |
_aPuerto Rico- _xSituación social. _99292 |
|
| 710 | 2 |
_aUniversidad de Puerto Rico _97273 |
|
| 852 |
_aES-MaACL _jC-56963 |
||
| 999 |
_c173479 _d173479 |
||